ბათუმის შოთა რუსთაველის სახელმწიფო უნივერსიტეტის ბიბლიოთეკა

ტროპი ქართულ მჭევრმეტყველებაში : (ბიბ.ჩანაწერი № 61524)

000 -ლიდერი
ფიქსირებული სიგრძის საკონტროლო ველი 01849nam a22002417a 4500
003 - საკონტროლო ნომრის იდენტიფიკატორი
საკონტროლო ველი Ge_BSU
005 - ბოლო ოპერაციის თარიღი და დრო
საკონტროლო ველი 20240321154144.0
008 - ფიქსირებული სიგრძის მონაცემთა ელემენტები - ზოგადი ინფორმაცია
ფიქსირებული სიგრძის საკონტროლო ველი 240321s2021ge xxu||||| |||| 00| 0 geo d
020 ## - წიგნის საერთაშორისო სტანდარტული ნომერი
International Standard Book Number 9789941340604
041 ## - ენის კოდი
Language code of text/sound track or separate title geo
080 ## - უნივერსალური ათობითი კლასიფიკაციის ინდექსი
Universal Decimal Classification number 82.05(=353.1) კ-40
100 ## - მთავარი ჩანაწერი - პიროვნების სახელი
Personal name კენჭიაშვილი, ნათია, ავტორი.
9 (RLIN) 21523
245 ## - ცნობა სათაურის შესახებ
Title ტროპი ქართულ მჭევრმეტყველებაში :
Remainder of title [მონოგრაფია] /
Statement of responsibility, etc ნათია კენჭიაშვილი ; რედ. თინათინ ბოლქვაძე.
264 ## - წარმოების, გამოცემის, დისტრიბუციის და სხვა ცნობები
გამოცემის, წარმოების, დისტრიბუციის... ადგილი თბილისი :
გამოცემის, წარმოების, დისტრიბუციის... სახელწოდება მერიდიანი,
გამოცემის, წარმოების, დისტრიბუციის... თარიღი 2021.
300 ## - ფიზიკური აღწერა
Extent XXVIII, 215 გვ.: + (I-LVIII)
Other physical details დიაგრ.,ილ. ;
Dimensions 20 სმ.
504 ## - BIBLIOGRAPHY, ETC. NOTE
Bibliography, etc ბიბლიოგრაფია: გვ. I-XXV.
546 ## - LANGUAGE NOTE
Language note თავფურცლის მე-3 გვერდი და რეზიუმე ინგლისურ ენაზე
Tropes in georgian rhetoric : [Monograph]
600 ## - SUBJECT ADDED ENTRY--PERSONAL NAME
Personal name ეძღვნება აკად. თამაზ გამყრელიძის ხსოვნას.
9 (RLIN) 21524
653 ## - INDEX TERM--UNCONTROLLED
Uncontrolled term ტროპი ქართულ მჭევრმეტყველებაში
700 ## - ADDED ENTRY--PERSONAL NAME
Personal name ბოლქვაძე, თინათინ
Relator term რედაქტორი
9 (RLIN) 5682
710 ## - ADDED ENTRY--CORPORATE NAME
Corporate name or jurisdiction name as entry element ივანე ჯავახიშვილის სახ. თბილისის სახელმწ. უნივერსიტეტი, ჰუმანიტარულ მეცნიერებათა ფაკულტეტი, თეორიული და გამოყენებითი ენათმეცნიერების სასწავლო-სამეცნიერო ინსტიტუტი
9 (RLIN) 21525
942 ## - ADDED ENTRY ELEMENTS (KOHA)
Source of classification or shelving scheme
Koha item type წიგნი
ეგზემპლარები
ჩამოწერის სტატუსი დაკარგული ეგზემპლარის სტატუსი კლასიფიკაციის წყარო ან თაროზე გაწყობის სქემა დაზიანების სტატუსი არ გაიცემა მუდმივი მდებარეობა (დაცვის ადგილი) ამჟამინდელი ადგილსამყოფელი თაროზე განთავსების ადგილი შეძენის თარიღი ღირებულება, შესყიდვის ნორმალური ფასი სრული შენახვის შიფრი შტრიხკოდი ბოლო ოპერაციის თარიღი ეგზემპლარის მიმდევრობითი ნომერი (კეტერი?) ფასის ძალაში შესვლის თარიღი ეგზემპლარის სახეობა საჯარო შენიშვნა
          ბათუმის შოთა რუსთაველის სახელმწიფო უნივერსიტეტის მთავარი ბიბლიოთეკა ბათუმის შოთა რუსთაველის სახელმწიფო უნივერსიტეტის მთავარი ბიბლიოთეკა წიგნსაცავი 2024-03-21 10.00 82.05(=353.1) კ-40 67699 2024-03-21 67699 2024-03-21 წიგნი 10.00